Normal view
MARC view
- Accountants
Entry Topical Term
001 - CONTROL NUMBER
- control field: 43059
003 - CONTROL NUMBER IDENTIFIER
- control field: OSt
005 - DATE AND TIME OF LATEST TRANSACTION
- control field: 20210408101051.0
008 - FIXED-LENGTH DATA ELEMENTS
- fixed length control field: 210408|| aca||aabn | a|a d
040 ## - CATALOGING SOURCE
- Original cataloging agency: OSt
- Transcribing agency: OSt
150 ## - HEADING--TOPICAL TERM
- Topical term or geographic name entry element: Accountants
- General subdivision: Licensure.
670 ## - SOURCE DATA FOUND
- Source citation: Work cat.: (OSt): Mastracchio, Nicholas J. 43058, Should a master's degree be required for CPA licensure?:, ©2011.
